[Event "Dortmund SuperGM 23rd"]
[Site "Dortmund"]
[Date "1995.07.22"]
[Round "8"]
[White "Piket, Jeroen"]
[Black "Lobron, Eric"]
[Result "1-0"]
[WhiteElo "2625"]
[BlackElo "2595"]
[Annotator "Ftacnik,L"]
[PlyCount "85"]
[EventDate "1995.07.14"]
[EventType "tourn"]
[EventRounds "9"]
[EventCountry "GER"]
[EventCategory "17"]
[SourceTitle "CBM 048"]
[Source "ChessBase"]
[SourceDate "1995.10.01"]
[SourceVersion "1"]
[SourceVersionDate "1995.10.01"]
[SourceQuality "1"]

1. d4 {Dautov} Nf6 2. c4 e6 3. Nc3 Bb4 4. Nf3 b6 5. Bg5 Bb7 6. e3 Bxc3+ 7. bxc3
h6 8. Bh4 Qe7 9. Nd2 g5 10. Bg3 d6 11. h4 Rg8 12. hxg5 hxg5 13. Be2 Nc6 (13...
Bxg2 14. Rh6 $1 {/\Bf3} g4 15. Bh4 Nbd7 16. Qa4 $1 Kf8 17. O-O-O $1 Kg7 18. Rh5
Qe8 19. Rg5+ Kf8 20. Rxg8+ Nxg8 21. Rg1 Bb7 22. Bxg4 Ndf6 23. Qd1 $1 $18 {
Bareev,E-Dolmatov,S/USSR ch/1987/1-0 (36)}) 14. Qa4 Qd7 (14... O-O-O 15. Bf3 (
15. O-O-O Na5 16. Rh2 Ne4 17. Nxe4 Bxe4 18. c5 dxc5 19. dxc5 Rxd1+ 20. Bxd1 Bd5
21. cxb6 axb6 22. Qb4 Qd7 23. Ba4 Bc6 24. Bb3 {Colias,B-Browne,W/Chicago US-op
(9)/1989/0-1 (34)}) 15... Qd7 $1 16. Rh6 Na5 $1 17. Bxb7+ (17. Qb5 a6 18. Qxd7+
Nxd7 19. Ke2 Rg7 20. Rah1 Rdg8 21. Rh7 Bxf3+ 22. gxf3 Rxh7 23. Rxh7 f5 24. Re7
{Rashkovsky,N-Zhidkov,V/Kiev/1989/0.5 (38)}) 17... Kxb7 18. Qxd7 (18. Qd1 Ne8
19. Qf3+ Kb8 20. Rh7 (20. Ke2 $2 f5 21. Rah1 $2 g4 22. Qf4 e5 $19 23. Qxe5)
20... Rg7 21. Rxg7 Nxg7 22. Qf6 Nf5 23. Qxg5 Rh8 24. Ke2 {Thorsteins,
K-Hjartarson,J/EU-Cup Gr1 Eupen (03) /1994/0-1 (37)}) 18... Nxd7 19. Ke2 Rg7
20. Rah1 (20. Kd3 Nc6 21. e4 Ne7 22. Rah1 Rdg8 23. Rh7 Ng6 {Dokhoian,
Y-Marjanovic,S/Moscow GMA-op (1)/1989/0.5 (24)}) 20... Rdg8 21. Kd3 Nc6 {Dautov
} 22. Ne4 Ne7 23. Nf6 Nxf6 24. Rxf6 Ng6 25. Rh5 Nf8 26. e4 Kc8 27. Bh2 Kd8 28.
g4 Ke7 $10 {Savchenko-Lerner/Simferopol/1988}) 15. Rh6 Ne5 (15... Ke7 16. O-O-O
$14) 16. Qd1 (16. Qxd7+ Nexd7 17. f3 Ke7 $10) 16... Ng6 17. Bf3 Bxf3 (17... c6
18. c5 $1 dxc5 19. Nc4 $36 (19. dxc5 {Dautov} bxc5 20. Nc4 $36) (19. Nc4 cxd4
20. cxd4 $44)) (17... d5 {Dautov} 18. cxd5 exd5 19. c4 $16) 18. Qxf3 Ke7 19.
O-O-O (19. e4 $5 {Dautov} Rh8 $4 {/\} 20. e5 dxe5 21. dxe5 $18) 19... Rab8 $6 (
19... Qa4 $5 20. Kb2 b5 21. c5 $13 (21. c5 {Dautov} b4 $1 (21... dxc5 22. dxc5
b4 23. cxb4 Qxb4+ 24. Nb3 $16 {/\Bxc7,Bd6}) 22. cxd6+ (22. c4 Qa3+ 23. Kb1 Qd3+
$10) 22... cxd6 23. Qb7+ Nd7 24. Ne4 bxc3+ 25. Nxc3 Rgb8 26. Nxa4 Rxb7+ $10)) (
19... Rh8 {Dautov} 20. Rdh1 c5 (20... Rxh6 $2 21. Rxh6 Rh8 22. Rxh8 Nxh8 23.
Qa8 Ng6 24. Qxa7 $16) 21. e4 $36) 20. e4 Qa4 (20... e5 {Dautov} 21. dxe5 (21.
Nf1 $5) 21... dxe5 22. Bxe5 (22. Nf1 Qg4 $1 (22... Qa4 $2 23. Bxe5 $16) 23. Ne3
Qxf3 24. gxf3 Ke6 $15) 22... Ng4 23. Nb3 Qe6 (23... Qc8 24. Rxg6 Rxg6 25. Qg3
Rb7 26. Nd4 $44) 24. Rxg6 Rxg6 25. Bxc7 Rc8 26. Bd6+ Ke8 27. Bb4 $13) 21. e5 {
[%csl Ra2,Rf7][%cal Yb6b5,Re5d6,Re5f6] Piket simply has to attack, since
otherwise he would get under fire himself.} dxe5 (21... Ne8 22. Rh7 Rg7 23.
Rxg7 Nxg7 24. Qf6+ Kf8 25. exd6 $16) (21... Nd7 {Dautov} 22. Rh7 Nh8 23. exd6+
cxd6 24. Ne4 $16) 22. Bxe5 Nd7 (22... Ne8 23. Rh7 Nxe5 (23... Rf8 {Dautov} 24.
Qg3 $16) 24. dxe5 Rg7 $2 25. Rxg7 Nxg7 26. Qf6+ Kf8 27. Rh1 $18) 23. Bxc7 {
[%csl Rc1,Re7] The real question of the position is the vulnerability of both
K.} Rbc8 24. Rh7 Rgf8 (24... Rxc7 $2 25. Qxf7+ Kd6 26. Ne4+ Kc6 27. Qxe6+ Kb7
28. Qxg8 $18) (24... Nh8 {Dautov} 25. Be5 g4 26. Qf4 Nxe5 27. dxe5 $16) 25. Bg3
(25. Qg3 $1 {Dautov} Qa3+ 26. Kb1 Nf6 27. Qxg5 $1 Qxc3 (27... Rxc7 28. Ne4 $18)
28. Bd6+ $1 Kxd6 29. Rh3 Qb4+ 30. Rb3 Qa5 31. Qxf6 $18) 25... Qxa2 26. Re1 Qa1+
27. Nb1 Rxc4 {[%csl Re6] Black has got quite close to the white s K, but his
own is even more under fire.} (27... Nf4 28. Bxf4 gxf4 29. Qd5 $40) (27... Nf6
$2 {Dautov} 28. Qb7+ Nd7 29. Rxf7+ Rxf7 30. Qxc8 $18) 28. Rxe6+ $1 Kxe6 (28...
Kd8 $2 29. Qa8+ Rc8 30. Bc7+ $3 Kxc7 31. Rc6+ Kd8 32. Rxc8+ Ke7 33. Qe4+ $18)
29. d5+ {Fine way of breaking the link between Ke6 and Rc4.} (29. Qe2+ $2 Nde5
$19) 29... Ke7 30. Qe2+ Nde5 (30... Kd8 $5 31. Qxc4 Nge5 32. Bxe5 Nxe5 33. Qe4
Re8 34. Qf5 $13) 31. Bxe5 Nxe5 (31... b5 $17 {Dautov /\} 32. Bg7+ Kd7 33. Bxf8
$4 Rxc3+ $19) (31... Qa4 $17 {Dautov}) 32. Qxe5+ Kd7 (32... Kd8 33. Qd6+) 33.
Qe6+ Kd8 (33... Kc7 34. Qe7+ $18) 34. Qd6+ Ke8 35. Rh3 Re4 36. Qc6+ (36. Re3
Rxe3 37. fxe3 Qa6 $1 (37... f6 38. Qe6+ Kd8 39. d6 Re8 40. Qf7 $18) 38. Qb8+
Kd7 39. Qxf8 Qf1+ 40. Kb2 Qxg2+ 41. Ka3 Qxd5 $14) 36... Kd8 (36... Ke7 $2 37.
d6+ $18) 37. Re3 (37. Qa8+ Kd7 (37... Ke7 38. d6+ $18) 38. Qxf8 (38. Qb7+ {
Dautov} Kd8 (38... Kd6 39. Rh6+ f6 40. Qc6+ $18) 39. Re3 Rxe3 40. fxe3 $18)
38... Re1+ 39. Kd2 Qxb1 (39... Re7 40. Kc1 (40. Re3 Qb2+) 40... Re1+) (39...
Re7 $1) 40. Qxf7+ Re7 41. Qf3 Qa2+ $13) 37... Rxe3 38. fxe3 {[%cal Rd5d6]} Rh8
$2 {For all the excitement only this time trouble move spoils the fight. Black
has defended heroically and should have been rewarded with a half point.} (
38... Qa6 39. Qd6+ Ke8 40. Qb8+ Kd7 41. Qxf8 Qf1+ 42. Kb2 Qxg2+ 43. Ka3 Qxd5
$14) (38... Ke7 $1 39. d6+ (39. e4 $2 Rh8 $1 $19) 39... Kf6 (39... Ke6 $2 40.
Qe4+ Kxd6 41. Qb4+ $18) 40. Qe4 Qa5 41. Qe7+ Kg7 42. d7 b5 (42... Qd5 43. e4
Qd3 44. Qxg5+ {Dautov} Kh7 45. Qh5+ $10) 43. Qxg5+ $10) 39. Qf6+ (39. Qa8+ Kd7
40. Qxh8) 39... Kd7 40. Qxh8 Qa2 41. Qe5 Qxg2 42. Qf5+ Kd6 43. e4 1-0

[Event "GER-ch 73th"]
[Site "Altenkirchen"]
[Date "2001.12.05"]
[Round "6"]
[White "Tischbierek, Raj"]
[Black "Schlindwein, Rolf"]
[Result "1-0"]
[WhiteElo "2493"]
[BlackElo "2436"]
[Annotator "Ftacnik,L"]
[PlyCount "57"]
[EventDate "2001.11.30"]
[EventType "swiss"]
[EventRounds "9"]
[EventCountry "GER"]
[SourceTitle "CBM 087"]
[Source "ChessBase"]
[SourceDate "2002.03.21"]
[SourceVersion "1"]
[SourceVersionDate "2002.03.21"]
[SourceQuality "1"]

1. Nf3 Nf6 2. d4 e6 3. c4 b6 4. Nc3 Bb4 5. Bg5 Bb7 6. e3 h6 7. Bh4 g5 8. Bg3
Ne4 9. Qc2 h5 10. Bd3 f5 11. d5 Bxc3+ 12. bxc3 exd5 13. cxd5 Bxd5 14. c4 $2 {
White is coming up with a poor novelty, that only improves the location of the
black's bishop.} (14. Nd4 Qf6 15. O-O d6 16. Nxf5 Qxf5 17. f3 Qe6 18. fxe4 Bc6
19. e5 dxe5 20. Bg6+ Kd8 21. Rad1+ Nd7 22. Bf5 Qe7 23. Bxd7 Bxd7 24. Qe4 {
1-0 Barnaure,V-Burnoiu,N/Bucharest/2001/ (27)}) 14... Bb7 (14... Nxg3 15. hxg3
Bxf3 16. gxf3 Qe7 17. Bxf5 h4 18. Rd1 $14) 15. Be5 Rf8 (15... Rg8 16. Nd4 d6
17. Nxf5 Nxf2 18. Qxf2 dxe5 19. O-O $1 $18) 16. Nd4 Qe7 (16... d6 $6 17. Nxf5 (
17. Ne6 Qe7 18. Ng7+ Kd8 19. Bb2 Nc6 $17) 17... Nxf2 (17... Rxf5 18. Bxe4 Bxe4
19. Qxe4 Rxe5 20. Qxa8 $18) 18. O-O dxe5 (18... Nh3+ 19. gxh3 dxe5 20. Be2 $18)
19. Rxf2 Qf6 20. Raf1 $16) (16... Nc6 $1 17. Bxe4 (17. Nxc6 Bxc6 18. Qd1 g4 $17
) (17. Nxf5 $2 Rxf5 18. Bxe4 Rxe5 $19) 17... fxe4 $1 (17... Nxd4 18. Qd1 Bxe4
19. Qxh5+ Rf7 20. Bxd4 Qe7 $11) 18. Qxe4 Nxe5 19. Qxe5+ Qe7 20. Qxe7+ (20. Qxc7
Bxg2 $19) 20... Kxe7 21. Rg1 c5 $17) 17. Bxc7 Na6 18. Nb5 (18. Qd1 Nxc7 19.
Qxh5+ Kd8 $19) 18... Nb4 (18... Qb4+ 19. Kf1 Rc8 20. Bg3 $13) 19. Qd1 (19. Bxe4
Nxc2+ 20. Bxc2 Qb4+ $19) 19... Nxd3+ 20. Qxd3 Qb4+ 21. Kf1 $8 Qb2 22. Nd6+ Nxd6
$2 {[%mdl 64] White was under great pressure, but black had to show courage to
benefit freom his active position. Instead he let's Tischbierek to come up
with strong counterplay.} (22... Ke7 23. Nxe4 fxe4 $1 (23... Qxa1+ $6 24. Ke2
Qxa2+ (24... Qb2+ 25. Nd2 Rf6 26. Rb1 Qxa2 27. Be5 Be4 28. Bxf6+ Kxf6 29. Qd4+
Kf7 30. Rb2 $16) (24... Qxh1 $2 25. Qd6+ Kf7 26. Qf6+ Kg8 27. Qg6+ Kh8 28. Be5+
$18) 25. Nd2 d5 26. Qc3 $1 d4 (26... Rac8 27. Ra1 $18) 27. Qxd4 Qa3 28. Rd1 Qc5
29. Qg7+ Ke6 30. Nb3 Qxc4+ 31. Ke1 $18) 24. Qd6+ Ke8 25. Qe5+ Qxe5 26. Bxe5 Ba6
$17) 23. Rd1 Qxa2 24. Bxd6 Rf7 $2 (24... Rg8 25. Qc3 Qa4 26. Ke1 Kf7 $17) 25.
Qc3 $1 Bxg2+ 26. Kxg2 O-O-O 27. Qd3 Qa4 28. Qd5 Qc6 29. h4 1-0

[Event "FIDE World Cup"]
[Site "Khanty-Mansiysk"]
[Date "2005.11.29"]
[Round "1.4"]
[White "Jobava, Baadur"]
[Black "Beliavsky, Alexander G"]
[Result "1-0"]
[WhiteElo "2601"]
[BlackElo "2631"]
[Annotator "Ftacnik,L"]
[PlyCount "65"]
[EventDate "2005.11.27"]
[EventType "k.o."]
[EventRounds "7"]
[EventCountry "RUS"]
[SourceTitle "CBM 111"]
[Source "ChessBase"]
[SourceDate "2006.04.04"]
[SourceVersion "1"]
[SourceVersionDate "2006.04.04"]
[SourceQuality "1"]

1. d4 Nf6 2. Nf3 e6 3. c4 b6 4. Bg5 Bb7 5. Nc3 Bb4 6. Nd2 h6 7. Bh4 O-O 8. e4
g5 9. Bg3 Bxe4 10. h4 {The whole line is very enterprizing for black. White's
risk is purely material while black has seriously compromised his kingside
position.} (10. a3 Bxc3 11. bxc3 Bg6 12. Qf3 Nc6 13. h4 Nh5 14. hxg5 Nxg3 15.
Qxg3 Qxg5 16. Qxc7 e5 17. d5 Rac8 18. Qxd7 e4 19. Qh3 Ne5 {1/2-1/2 Wojtaszek,R
(2591)-Dydyshko,V (2551)/Lubniewice 2005 (31)}) 10... Bg6 11. hxg5 hxg5 12. Qf3
Nc6 13. Bxc7 Qe7 14. a3 (14. Bd3 Nxd4 15. Qh3 (15. Qe3 Nf5 16. Qxg5 Nh7 17.
Qxe7 {1/2-1/2 Arutunian,D (2446)-Anisimov,P (2492)/Pardubice 2005} Nxe7 18. Be2
Rac8 $14) 15... Nh7 16. Bxg6 fxg6 17. Qd3 Qg7 18. O-O-O Rac8 19. Nde4 Bxc3 20.
Nxc3 Rxc7 21. Qxd4 Rf4 22. Qd6 Rfxc4 23. Kb1 Qf8 24. Qh2 d5 25. Rhe1 Qf5+ 26.
Ka1 Nf8 {0-1 Wells,P (2529)-Eljanov,P (2639)/Amsterdam 2005}) 14... Nxd4 (14...
Bxc3 15. bxc3 e5 16. d5 Rac8 17. c5 g4 18. d6 Qe6 19. Qe3 Nd5 20. Qg5 Qf5 21.
Qxf5 Bxf5 22. Ba6 bxc5 23. Bxc8 Rxc8 24. Nc4 Nxc7 25. dxc7 Rxc7 26. Nd6 $16 {
1/2-1/2 Malaniuk,V (2528)-Jedynak,R (2431)/Krakow 2006 (64)}) 15. Qh3 Nh7 $6 {
[%mdl 64] This modest defensive move will prove to be inadequate for the very
sharp position. The situation was screaming for something more daring like 15..
.Nc2+!?} (15... Nc2+ $5 16. Kd1 Nh5 17. axb4 $1 (17. Rc1 Bxc3 18. Qxc3 d6 19.
g4 Ng7 20. Qh3 f5 (20... f6 21. Bd3 $14) 21. Qh6 Kf7 22. Nf3 Rh8 23. Nxg5+ Kf6
24. Ne4+ fxe4 25. Qf4+ Nf5 $17) 17... Nxa1 18. Be2 (18. g4 d5 19. Qh2 $14)
18... Kg7 $1 (18... d5 19. Bxh5 $18) 19. Bxh5 Rh8 20. g4 $14) 16. axb4 Nc2+ 17.
Kd1 Nxa1 18. Bd3 $1 f5 (18... Bxd3 19. Qxd3 f5 20. Bd6 $18) (18... Rfc8 19. Be5
Bxd3 20. Qxd3 f5 21. Ke2 $16) 19. Qh6 Rf6 (19... Qg7 20. Qxg7+ Kxg7 21. Ke2 $18
) 20. Be5 Raf8 21. g4 $5 {Jobava sees the grand idea of breaking the defense
with timely f2-f4 advance. The simple 21.Ke2! seems perfectly adequate as a
winning attempt.} (21. Ke2 $1 Nb3 22. Nxb3 Qxb4 23. Nd4 R8f7 24. Nc2 $18) (21.
f4 Be8 22. Bxf6 Rxf6 23. Qh2 $14) 21... Qxb4 (21... Be8 22. Qh2 R6f7 23. gxf5
exf5 24. Nd5 Qe6 25. Nf6+ $18) 22. f4 $1 gxf4 (22... Qxb2 $2 23. Nd5 $1 Qa3 24.
Nxf6+ $18) 23. g5 Kf7 (23... Nxg5 24. Qh8+ Kf7 25. Qxf6+ Ke8 26. Qxg5 $18) 24.
gxf6 Rg8 25. Nb5 $1 {White is preparing new threats with each move and
Beliavsky will never get the chance to chase the compensation for the missing
piece.} Nxf6 (25... Ke8 26. Nd6+ Kd8 27. f7 $18) 26. Qh4 (26. Nd6+ Ke7 27. Qh4
Rf8 28. Qg5 Nb3 29. Rh7+ Kd8 30. Bxf6+ Kc7 31. Nb5+ Kc8 32. Bc3 $18) 26... Ne8
27. Nf3 a6 (27... Kf8 28. Qd8 $18) 28. Bc3 Qa4+ (28... Qe7 29. Ne5+ Kf8 30.
Qh6+ $18) 29. Ke2 axb5 30. Ne5+ Kf8 (30... Kg7 31. Qe7+ Bf7 32. Qxf7#) 31.
Nxd7+ Kf7 32. Ne5+ Kf8 33. Nc6 (33. Qh6+ Ke7 34. Qg5+ Nf6 35. Nxg6+ $18) (33.
Nc6 Bh5+ 34. Kf2 $18) 1-0

[Event "Corus"]
[Site "Wijk aan Zee"]
[Date "2004.01.22"]
[Round "10"]
[White "Van Wely, Loek"]
[Black "Bologan, Viktor"]
[Result "0-1"]
[WhiteElo "2617"]
[BlackElo "2679"]
[Annotator "Ftacnik,L"]
[PlyCount "50"]
[EventDate "2004.01.10"]
[EventType "tourn"]
[EventRounds "13"]
[EventCountry "NED"]
[EventCategory "19"]
[SourceTitle "CBM 099"]
[Source "ChessBase"]
[SourceDate "2004.03.30"]
[SourceVersion "1"]
[SourceVersionDate "2004.03.30"]
[SourceQuality "1"]

1. d4 Nf6 2. c4 e6 3. Nf3 b6 4. Nc3 Bb7 5. Bg5 Bb4 6. Qb3 c5 7. a3 Bxc3+ 8.
Qxc3 h6 9. Bh4 g5 10. Bg3 Ne4 11. Qd3 Nxg3 12. hxg3 Qf6 $1 {This excellent
move slows down white's build up as it is not easy to defend the d4 pawn.} 13.
dxc5 (13. O-O-O Bxf3 $1 14. gxf3 (14. Qxf3 Qxf3 15. exf3 Nc6 16. dxc5 bxc5 17.
f4 Ke7 18. Bd3 Rag8 19. Rh2 f5 20. Rdh1 gxf4 21. gxf4 Nd8 {0-1 Lindgren,
F-Dzevlan,M/Sweden 2001/ (55)}) 14... Qxd4 (14... cxd4 15. e3 Qxf3 16. Qxd4
Qxh1 17. Qxh8+ Ke7 18. Bd3 Na6 19. Qh7 Qc6 20. Qxh6 Rg8 21. Bh7 Qxc4+ 22. Kb1
Qg4 23. Rd4 {1-0 Cramling,D-Welin,T/Gausdal 1987/ (23)}) 15. Qxd4 cxd4 16. Rxd4
Nc6 17. Rd3 Ne5 18. Rc3 Rc8 19. e4 h5 20. Kd2 Ke7 21. f4 gxf4 22. gxf4) (13. e3
Bxf3 (13... d6 14. Rd1 O-O 15. Rh5 Kg7 16. Rh2 Nd7 17. Be2 Rad8 18. Qc2 cxd4
19. Rxd4 Ne5 20. Nxe5 Qxe5 21. Bf3 Bxf3 22. gxf3 f5 {1/2-1/2 Luik,H-Tanav,T/
Tallinn 1999/ (50)}) 14. gxf3 Nc6 15. Bg2 cxd4 16. Rd1 e5 17. exd4 exd4 18. O-O
O-O 19. f4 gxf4 20. Bxc6 dxc6 21. Qxd4 Qxd4 22. Rxd4 fxg3 {0-1 Knoll,
H-Gaertner,G/Austria 2003/ (37)}) (13. Rd1 g4 14. Nh2 Rg8 15. e3 h5 16. Rg1 Rg5
17. Be2 Na6 18. Nf1 Kf8 19. Nd2 d5 20. cxd5 exd5 21. f4 gxf3 22. gxf3 {1-0
Burger,K-Forintos,G/Gausdal 1982/ (74)}) 13... bxc5 14. O-O-O (14. Rd1 $5 Bxf3
$6 15. gxf3 Qxb2 16. f4 $1 Qb7 17. Rh5 gxf4 18. Rxc5 fxg3 19. Qxg3 $11) 14...
g4 $1 15. Nh2 (15. Nd2 Qxf2 $15) 15... h5 16. Qd6 $2 {Van Wely and Chuchelov
had analysed} (16. f4 Rg8 17. e3 {with chances for white despite the ugly
knight on h2.} (17. e4 Qg6)) 16... Qg5+ 17. Rd2 Rg8 $3 18. f4 (18. Qc7 Bc6 $1
19. f4 Qe7 20. e3 f5 $1 (20... d6 $5 21. Qxd6 Qxd6 22. Rxd6 Ke7 23. Rd2 Nd7 24.
Bd3 Nf6 25. b4 $14) 21. Bd3 d6 22. Qa5 $13) 18... Qe7 19. Qe5 f5 20. Rd6 $2 {
[%mdl 64] Van Wely was surely chasing an advantage he was presuming to posess,
but this is a grave tactical mistake.} (20. e3 Nc6 21. Qc3 Qg7 $1 22. Qxg7 (22.
Qc2 Ba6 {/\Rb8,Na5}) 22... Rxg7 23. Bd3 Ne7 24. Re1 Be4 25. Bxe4 fxe4 $15)
20... Nc6 21. Qxc5 Na5 $1 22. Qb4 (22. Qxa5 Qxd6 23. e3 h4 $1 24. gxh4 g3 $19)
22... Nxc4 23. Qxb7 (23. Rd3 Qxb4 24. axb4 Ke7 $19) 23... Qxd6 $1 24. Qxa8+ Ke7
25. Qb7 (25. Qxg8 Qd2+ 26. Kb1 Qxb2#) 25... Rb8 0-1

[Event "Bundesliga 0304"]
[Site "Germany"]
[Date "2004.04.24"]
[Round "14.1"]
[White "Bacrot, Etienne"]
[Black "Chuchelov, Vladimir"]
[Result "1-0"]
[WhiteElo "2664"]
[BlackElo "2603"]
[Annotator "Ftacnik,L"]
[PlyCount "57"]
[EventDate "2003.11.01"]
[EventType "team-tourn"]
[EventRounds "15"]
[EventCountry "GER"]
[SourceTitle "CBM 101"]
[Source "ChessBase"]
[SourceDate "2004.07.27"]
[SourceVersion "1"]
[SourceVersionDate "2004.07.27"]
[SourceQuality "1"]
[WhiteTeam "Bremer SG"]
[BlackTeam "Katernberg"]
[WhiteTeamCountry "GER"]
[BlackTeamCountry "GER"]

1. d4 Nf6 2. c4 e6 3. Nc3 Bb4 4. Nf3 b6 5. Bg5 Bb7 6. e3 h6 7. Bh4 Bxc3+ 8.
bxc3 d6 9. Nd2 Nbd7 10. f3 Qe7 11. Qa4 e5 12. e4 a6 {Stricktly speaking black
does not need this preventive move. The immediate kingside action with 12...g5
seems to make more sense.} 13. Bd3 g5 14. Bf2 Nh5 15. g3 $5 g4 (15... O-O-O $6
16. c5 b5 17. cxd6 Qxd6 18. Qc2 $16) (15... O-O 16. Qb3 (16. h4 g4 17. fxg4
exd4 18. cxd4 (18. gxh5 dxc3 19. Nb3 Bxe4 20. O-O-O Bxh1 21. Rxh1 Ne5 $17)
18... Nhf6 19. g5 Nxe4 20. Bxe4 Bxe4 21. O-O b5 22. cxb5 Nb6 $13) 16... f5 17.
c5+ d5 18. O-O $1 $16) 16. fxg4 Nhf6 17. h3 exd4 18. cxd4 b5 {Both kings are
exposed, but Chuchelov has a more difficult task to find a good spot for his
own monarch.} (18... Nxe4 19. Bxe4 Bxe4 20. O-O d5 21. cxd5 b5 22. Qa5 Nf6 23.
Rae1 O-O 24. Re2 $18) 19. cxb5 Nxe4 (19... d5 20. bxa6 dxe4 21. Bb5 e3 22. axb7
Rb8 23. Nc4 exf2+ 24. Kxf2 $18) 20. Bxe4 Bxe4 21. O-O $1 Nf6 (21... axb5 22.
Qxb5 Rb8 23. Qc4 Nb6 24. Qc3 d5 25. a4 $18) 22. Qb4 (22. b6+ Kf8 23. Rae1 d5
24. b7 Rb8 25. Qxa6 $18) 22... Bd5 (22... axb5 23. Nxe4 Nxe4 24. Qxb5+ Kd8 25.
Qc6 $18) 23. Rae1 Be6 24. d5 $1 {[%mdl 128] It is only natural, that Bacrot
opens the center with all his piece might concentrated for the action.} Nxd5 (
24... c5 25. Qb2 $18) 25. Qc4 Kf8 (25... O-O 26. Qxd5 Bxd5 27. Rxe7 axb5 28.
Rxc7 $18) 26. Qc6 Qe8 (26... Re8 27. Qxa6 Rg8 28. Nf3 $16) 27. Bd4 Qxc6 (27...
Rg8 28. Rxe6 $1 Qxc6 29. bxc6 $18) 28. bxc6 Ke7 29. Rf5 $1 {A very fine small
combination, that wins the house by forcing the way to vulnerable f6 square.} (
29. Rf5 $1 Nb4 30. Bf6+ Kf8 31. Bxh8 $18) 1-0

[Event "Malmo Masters 1st"]
[Site "Malmo"]
[Date "2003.07.29"]
[Round "2"]
[White "Jakobsen, Ole"]
[Black "Berg, Emanuel"]
[Result "1/2-1/2"]
[WhiteElo "2381"]
[BlackElo "2495"]
[Annotator "Ftacnik,L"]
[PlyCount "67"]
[EventDate "2003.07.28"]
[EventType "tourn"]
[EventRounds "9"]
[EventCountry "SWE"]
[EventCategory "9"]
[SourceTitle "CBM 097"]
[Source "ChessBase"]
[SourceDate "2003.11.11"]
[SourceVersion "1"]
[SourceVersionDate "2003.11.11"]
[SourceQuality "1"]

1. d4 Nf6 2. c4 e6 3. Nf3 b6 4. Nc3 Bb4 5. Bg5 h6 6. Bh4 g5 7. Bg3 Ne4 8. Qc2
Bb7 9. Nd2 f5 10. e3 Bxc3 11. bxc3 d6 12. Nxe4 Bxe4 13. Qd2 Bb7 14. h4 Qf6 $2 {
[%mdl 4] Black is playing with fire, since the opening of the position will
favour Jacobsen with bishop's pair.} (14... g4 15. a4 Nc6 16. c5 Na5 17. Qa2
Qe7 18. Bb5+ Kf7 19. O-O dxc5 20. Bd3 Rad8 21. Rfe1 c4 22. Bc2 Rhg8 23. e4 {
1-0 Kasparov,G-Truong,P/New York/London 1984/ (41)}) 15. c5 $1 bxc5 (15... Ke7
16. f3 Nc6 17. Rb1 $14) 16. hxg5 $6 (16. dxc5 $1 dxc5 (16... Na6 17. cxd6 O-O-O
18. Rb1 $18) 17. hxg5 hxg5 18. Rxh8+ Qxh8 19. Rd1 Kf7 20. Bxc7 $16) 16... hxg5
17. Rxh8+ Qxh8 18. dxc5 Na6 (18... Ba6 $5 19. O-O-O Bxf1 20. Rxf1 Nc6 21. cxd6
cxd6 22. Bxd6 Rd8 $132) 19. cxd6 (19. c6 Bxc6 20. Bxa6 Qh1+ 21. Bf1 Bb5 22.
O-O-O Bxf1 $17) 19... O-O-O 20. Rb1 Nc5 (20... cxd6 $2 21. Rxb7 Kxb7 22. Qb2+
Ka8 23. Bxa6 $18) 21. Qd4 $6 {White is certainly not pressing hard enough for
such a sharp position, in the endgame black will have chances to survive.} (21.
f3 e5 (21... cxd6 22. Bxd6 e5 (22... Qf6 23. Rb5 Na4 24. Rb4 Nb6 25. Rd4 $16)
23. Rb5 Qh4+ 24. Qf2 $18) 22. Qc2 f4 23. Qf5+ Nd7 24. Bf2 cxd6 25. exf4 exf4
26. Bd4 Qg8 27. Qa5 $18) 21... cxd6 22. Bxd6 (22. Qxh8 Rxh8 23. Bxd6 Ne4 24.
Bb4 Rh1 25. c4 e5 $14) 22... Qxd4 23. cxd4 (23. exd4 Rxd6 24. dxc5 Rd8 25. Bc4
Kc7 $11) 23... Rxd6 24. dxc5 Rc6 25. Rc1 Ba6 $1 26. Be2 (26. Bxa6+ Rxa6 27. Rc2
Kd7 28. Ke2 Ra3 $14) 26... Bxe2 27. Kxe2 Ra6 28. Rc2 Ra3 {Berg has reached the
best position of the whole game, white is only somewhat better.} 29. Kf3 (29.
f3 Kd7 30. g4 Kc6 31. gxf5 exf5 32. Kf2 Ra5 $11) 29... Kc7 30. Rd2 e5 31. Rd5
$2 (31. g4 $1 e4+ (31... f4 32. Rd5 $18) 32. Kg2 fxg4 33. Kg3 Kc6 (33... Rc3
34. Rd4 Rxc5 35. Rxe4 a5 36. a4 $16) 34. Rc2 Rd3 35. Kxg4 Rd5 36. Rc4 Rd2 37.
Rxe4 Rxf2 38. Ra4 Rg2+ 39. Kf3 Rg1 40. Rxa7 Kxc5 41. a4 $16) 31... e4+ 32. Kg3
f4+ 33. Kg4 Rxa2 34. exf4 1/2-1/2